| 000 | 01596nam a2200385 c 4500 | ||
|---|---|---|---|
| 001 | 24898 | ||
| 003 | ES-MaCES | ||
| 005 | 20150929135730.0 | ||
| 008 | 130304s2012 sp l o000 | spa d | ||
| 017 |
_aBI 2028-2012 _bDL |
||
| 035 | _aCES20130000853m | ||
| 040 |
_aES-MaCES _bspa _cES-MaCES |
||
| 041 | 0 |
_aspa _abaq |
|
| 110 | 2 |
_aConsejo Económico y Social Vasco _92447 |
|
| 245 | 1 | 0 |
_aDictamen 27-12 sobre el Proyecto de Decreto por el que se constituye y regula la Mesa de Diálogo Civil _b: Bilbao, 23 de noviembre de 2012 _cConsejo Económico y Social Vasco = Irizpena 27-12 Elkarrizketa Zibilaren Mahaia eratu eta arautzen duen Dekretu Proiektuari buruzkoa : Bilbon, 2012ko azaroaren 23an / Euskadiko Ekonomia eta Gizarte Arazoetarako Batzordea |
| 260 |
_aBilbao = Bilbon _bCES _c[2012] |
||
| 300 |
_a19 p. dup. _c24 cm |
||
| 500 | _aTexto en castellano y euskera | ||
| 500 | _aTít. tomado de ports. paralelas | ||
| 541 | _cGratuito | ||
| 650 | 4 |
_adictamen _930802 |
|
| 650 | 4 |
_arégimen jurídico _929894 |
|
| 650 | 4 |
_aPaís Vasco _930799 |
|
| 650 | 4 |
_arelaciones interinstitucionales _930832 |
|
| 650 | 4 |
_aadministración social _927215 |
|
| 650 | 4 |
_aparticipación social _927284 |
|
| 650 | 4 |
_ainstitución social _929461 |
|
| 650 | 4 |
_aorganización sin fines de lucro _927312 |
|
| 653 | 1 | 0 | _aAsuntos Sociales |
| 650 | 4 |
_927056 _aservicios sociales |
|
| 740 | 0 | 2 | _aIrizpena 27-12 Elkarrizketa Zibilaren Mahaia eratu eta arautzen duen Dekretu Proiektuari buruzkoa |
| 902 | _aLIB Libro | ||
| 942 |
_2CES _cBK _h3.3. |
||
| 999 |
_c24898 _d24898 |
||